[Event "Innsbruck op-B 2nd"]
[Site "Innsbruck"]
[Date "2018.08.28"]
[Round "5"]
[White "Schoenberger, Martin"]
[Black "Proksch, Gerhard"]
[Result "0-1"]
[WhiteElo "1665"]
[BlackElo "1955"]
[PlyCount "120"]
[EventDate "2018.08.24"]
[EventType "swiss"]
[EventRounds "9"]
[EventCountry "AUT"]
[SourceTitle "CBM 186 Extra"]
[Source "ChessBase"]
[SourceDate "2018.08.24"]
[SourceVersion "1"]
[SourceVersionDate "2018.08.24"]
[SourceQuality "1"]

1. d4 d5 2. c4 c6 3. e3 Nf6 4. Nf3 Bf5 5. Nc3 e6 6. cxd5 exd5 7. Bd3 Qc8 8. 0-0 Be7 9. Bxf5 Qxf5 10. Ne5 0-0 11. Qf3 Qxf3 12. Nxf3 Bd6 13. Bd2 Nbd7 14. Rac1 Nb6 15. b3 Rfe8 16. Ne2 Nbd7 17. Nc3 Rac8 18. Na4 Ne4 19. Nc3 h6 20. Nxe4 dxe4 21. Ne1 Nb6 22. Nc2 Nd5 23. f3 f5 24. fxe4 fxe4 25. Rf5 g6 26. Rf2 c5 27. Rcf1 Rf8 28. Rxf8+ Bxf8 29. dxc5 Bxc5 30. Rc1 Rc6 31. g3 Bb6 32. Kf2 Rf6+ 33. Ke2 h5 34. Nd4 Kf7 35. Rf1 a6 36. Rxf6+ Kxf6 37. Nc2 Kf5 38. h3 Bc7 39. Nd4+ Kf6 40. Kf2 Be5 41. Ba5 b6 42. Bd2 g5 43. g4 hxg4 44. hxg4 Kf7 45. Nc6 Bd6 46. Nd4 Nf6 47. Nf5 Nxg4+ 48. Ke2 Be5 49. Bb4 Ke6 50. Nd4+ Bxd4 51. exd4 Nh6 52. Ke3 Kd5 53. Bd2 Nf5+ 54. Kf2 g4 55. Bf4 Kxd4 56. Bc7 b5 57. a4 bxa4 58. bxa4 Kd3 59. Ke1 e3 60. Bb8 Nd4 0-1

[Event "Graz op-B 20th"]
[Site "Graz"]
[Date "2013.08.24"]
[Round "1"]
[White "Schoenberger, Martin"]
[Black "Schloffer, Jasmin Denise"]
[Result "0-1"]
[WhiteElo "1499"]
[BlackElo "1616"]
[PlyCount "72"]
[EventDate "2013.08.24"]
[EventType "swiss"]
[EventRounds "9"]
[EventCountry "AUT"]
[SourceTitle "EXT 2022"]
[Source "ChessBase"]
[SourceDate "2021.10.06"]
[SourceVersion "1"]
[SourceVersionDate "2021.10.06"]
[SourceQuality "1"]

1. e4 e5 2. Nf3 Nc6 3. Bc4 Bc5 4. d3 Nf6 5. Nc3 d6 6. h3 Be6 7. Bxe6 fxe6 8. Bg5 0-0 9. Qd2 a6 10. 0-0-0 Qd7 11. g4 Ba7 12. Qe2 b5 13. Rdg1 b4 14. Nb1 a5 15. h4 a4 16. Nfd2 Nd4 17. Qf1 Ne8 18. Rg2 Qc6 19. Qd1 Nb5 20. Be3 Nd4 21. g5 d5 22. Bxd4 Bxd4 23. f3 Nd6 24. g6 h6 25. h5 Qb5 26. Qe2 a3 27. b3 Qc6 28. Rf1 Nb5 29. exd5 exd5 30. Rg4 Nc3 31. Qe1 Nxa2+ 32. Kd1 Nc3+ 33. Nxc3 Bxc3 34. Ke2 a2 35. Qg3 a1Q 36. Rxa1 Rxa1 0-1